Responses for show #6551 - Monday, February 25, 2013

2013 Tournament of Champions final game 1.

Contestants

Keith Whitener, a research chemist originally from Charlotte, North Carolina

Kristin Morgan, a strategic analyst for NASA from Huntsville, Alabama

Colby Burnett, a high school world history teacher from Chicago, Illinois

Jeopardy! Round responses

NAME THE BIBLE BOOK
UMBRELLA POTPOURRI
END "SHIP"
3 LAST WORDS
VARIETY SLANGUAGE
NELSON MANDELA
    $200 6
Genesis

Colby
    $200 16
the Penguin

Kristin
    $200 29
Battleship

Colby
    $200 2
(why oh) why can't I?

Triple Stumper
    $200 3
an agent

Kristin
    $200 1
Freedom

Kristin
    $400 7
Psalms

Colby
    $400 17
parasol

Keith
    $400 30
courtship

Colby
    $400 5
justice for all

Keith
    $400 4
box office

Triple Stumper
    $400 13
(Kristin: What is a tribe?)

a clan

KristinKeith
    $600 8
Revelation

Kristin
    $600 21
Rihanna

Colby
    $600 24
a flagship

Keith
    $600 28
has gone before

Colby
    $600 9
Guys with Kids

Kristin
    $600 25
lime

Keith
    $1,200 11
(Keith: What is ... I Chronicles?)

I Corinthians

Keith
    $800 22
(Kristin: Who is Chirac?)

Nicolas Sarkozy

ColbyKristin
    $800 15
worship

Kristin
    $800 19
to shining sea

Keith
    $800 10
a green-light

Keith
    $800 26
sanctions

Colby
    $1000 12
Jonah

Colby
    $1000 23
Travellers

Kristin
    $1000 14
(Kristin: What is a... starship?)

a scholarship

KristinKeith
    $1000 18
(to all) a good night

Keith
    $1000 20
Gotham

Kristin
    $1000 27
(Colby: Frederic Wilhelm de Klerk?)
[Colby was initially ruled correct, but the judges ruled during the break that he gave an incorrect middle name.]

Frederic Willem de Klerk

Colby
Triple Stumper

Scores at the first commercial break (after clue 15):

Colby Kristin Keith
$1,600 $1,000 $1,400

Scores at the end of the Jeopardy! Round:

Colby Kristin Keith
$4,000 $2,400 $4,800

Double Jeopardy! Round responses

HUGO AWARDS FOR SCIENCE FICTION
1990s MUSIC
WORLD PLACE NAMES
FUNNY THINGS PEOPLE SAY
A BUNCH OF STUFF
A BINDER FULL OF WOMEN
    $400 23
Animal Farm

Keith
    $400 12
Hanson

Keith
    $400 3
K-2

Colby
    $400 1
Dylan Thomas

Kristin
    $400 18
grains

Kristin
    $400 13
Sonia Sotomayor

Keith
    $800 26
Algernon

Colby
    $800 11
Janet Jackson

Colby
    $800 4
Liberia

Keith
    $800 2
rumors

Keith
    $800 19
a trailblazer

Colby
    $800 14
(Angela) Merkel

Colby
    $1200 27
the Goblet of Fire

Kristin
    $1200 10
torn

Colby
    $1200 5
Pamplona

Colby
    $1200 29
(Woody) Allen

Colby
    $1200 20
(George) McGovern

Colby
    $1200 15
Annie Leibovitz

Keith
    $1600 30
Scream

Colby
    $1600 9
DMB (Dave Matthews Band)

Colby
    $1600 6
the Indus River

Keith
    $1600 28
cheese

Colby
    $1600 21
a sesquicentennial

Colby
    $1600 16
(Colby: Who is Derek?)

Nadia Comaneci

Colby
Triple Stumper
    $2,000 24
"To Serve Man"

Keith
    $2000 8
"No Rain"

Keith
    $5,000 7
(Keith: What's Jerusalem?)

Bethlehem

Keith
    $2000 25
(Noel) Coward

Colby
    $2000 22
(Hieronymus) Bosch

Colby
    $2000 17
(Keith: [Lowers and shakes his head])

Theda Bara

KristinKeith

Scores at the end of the Double Jeopardy! Round:

Colby Kristin Keith
$21,200 $6,400 $7,400

Final Jeopardy! Round responses

AMERICAN AUTHORS
KristinWho is Joyce Carol Oates?
$6,000
KeithWho is Plath?
$2,600
ColbyWho was Ferber?
$1,000
Edna Ferber

Final scores:

Colby Kristin Keith
$22,200 $400 $4,800

Game dynamics:

Coryat scores:

Colby Kristin Keith
$21,200 $6,400 $13,600
24 R,
2 W
12 R,
3 W
18 R
(including 1 DD),
3 W
(including 2 DDs)

Combined Coryat: $41,200

The J! Archive is created by fans, for fans. The Jeopardy! game show and all elements thereof, including but not limited to copyright and trademark thereto, are the property of Jeopardy Productions, Inc. and are protected under law. This website is not affiliated with, sponsored by, or operated by Jeopardy Productions, Inc. Join the discussion at JBoard.tv.